000 01178nam a2200325 i 4500
003 EG-GICUC
005 20260428120248.0
008 260428s1970 ne ||fr|||| 001 0 eng d
040 _aEG-GiCUC
_beng
_cEG-GiCUC
_dEG-GiCUC
_erda
041 0 _aeng
082 0 4 _221
_a343.5
_bTO
092 0 4 _221
099 _aLaw1 10 343.5 TO 1970
245 0 0 _aToward A Feasible International Criminal Court /
_cEdited By Julius Stone, And Robert K. Woetzel; With Foreword By Charles S. Rhyne And Introduction By Julius Stone.
264 1 _aGeneva :
_bPublish;ed Under The Auspices Of The World Peace Through Law Center,
_c1970.
300 _a352 pages,
_c24 cm
336 _2rda content
_atext
337 _2rda media
_aComputer
338 _2rda carrier
_aOnline Resource
504 _aIncludes bibliographical references and index.
546 _aText in English
650 1 4 _aCriminal law
700 1 _aWoetzel, Robert K
_eeditor.
700 1 _aRhyne , Charles S
_epresenter
700 1 _aStone, Julius
_epresenter
700 1 _aStone, Julius
_eeditor.
856 4 0 _uhttps://fll.law.cu.edu.eg/fulltext/bks/B10-11075.pdf
905 _a48
942 _2ddc
_cBK
_e21
_n0
999 _c73869
_d73869